| 000 | 00363 a2200109 4500 | ||
|---|---|---|---|
| 001 | ART_54193 | ||
| 005 | 20260410161850.0 | ||
| 008 | 260409a | ||
| 245 | 1 | 0 | _aLos sectores claves para el trabajo asalariado en la economía argentina 1970-1983 |
| 100 | 1 | _aMontuschi, Luisa | |
| 773 | 0 |
_tEconómica _g- Año XXXI, Nº1 (ene./abr. 1985) _wREV7541 |
|
| 999 |
_c24960 _d24960 |
||